Transformational Leadership in Banking: (Record no. 181612)

MARC details
000 -LEADER
fixed length control field 00622nam a22001817a 4500
005 - DATE AND TIME OF LATEST TRANSACTION
control field 20210927153015.0
010 ## - LCCN (DPL NO)
LC control number ENG-129976
020 ## - INTERNATIONAL STANDARD BOOK NUMBER
Terms of availability 995.00
International Standard Book Number 9789353887568
035 ## - SYSTEM CONTROL NUMBER
System control number EN-113508
037 ## - SOURCE OF ACQUISITION
Source of stock number/acquisition DBAD/PUB
082 ## - DEWEY DECIMAL CLASSIFICATION NUMBER
Classification number 658.4092
245 ## - TITLE STATEMENT
Title Transformational Leadership in Banking:
Statement of responsibility, etc Challenges of Governance, Leadership and HR in a Digital and Di/sruptive World
Remainder of title edited by Anil K. Khandelwal
250 ## - EDITION STATEMENT
Edition statement 2021
260 ## - PUBLICATION, DISTRIBUTION, ETC. (IMPRINT)
Name of publisher, distributor, etc Sage
Date of publication, distribution, etc 2021
270 ## - ADDRESS
City New Delhi
Address BI/1-1 Mohan Cooperative Industrial Area
Postal code 110044
300 ## - PHYSICAL DESCRIPTION
Extent xxii,514p
Dimensions 24cm (hbk)
Other physical details index
942 ## - ADDED ENTRY ELEMENTS (KOHA)
Source of classification or shelving scheme Dewey Decimal Classification
Item type English Books
Classification part 658.4092
Call number prefix KHA
Holdings
Withdrawn status Lost status Not for loan Collection code Home library Current library Date acquired Source of acquisition Cost, normal purchase price Full call number Barcode Copy number Cost, replacement price Koha item type
      Non-fiction Shahdara Branch Shahdara Branch 27/09/2021 TRA 995.00 658.4092 EN-113508 1 995.00 English Books

© Delhi Public Library
Hit Counter
free hit counter